000
00219nmm a2200085Ia 4500
008
220120s9999||||xx |||||||||||||||||und||
100
_a
LFY-OCT-2007
_9
10833
245
0
_a
SUSE LINUX, ENTERPRISE DESKTOP
260
_b
Bangalore
999
_c
138727
_d
138727